| 000 | 00710nam a2200205 a 4500 | ||
|---|---|---|---|
| 003 | 0 | ||
| 005 | 20250307105857.0 | ||
| 008 | 090707s19uu xx 00 eng d | ||
| 050 |
_aPGS LB 3013.3.M68 _b.An581 2009 |
||
| 100 | _aAngeles, Nicole. | ||
| 245 |
_aRelationship of class size and learning motivation / _cNicole Angeles. |
||
| 260 |
_aLas PiƱas City, Philippines : _bSouthville International School and Colleges, _c2009. |
||
| 300 |
_a24 pages : _billustrations ; _c28 cm. |
||
| 504 | _aIncludes bibliographical references. | ||
| 650 | _aClass size. | ||
| 650 | _aMotivation in education. | ||
| 650 | _aSixth grade (Education). | ||
| 650 | _aAcademic achievement. | ||
| 942 |
_2lcc _cPASS |
||
| 999 |
_c98155 _d98155 |
||